• 首页
  • 本馆介绍
  • 公告通知
  • 最新文献
  • 馆藏检索
  • 电子资源
  • 读者导购
  • 参考咨询
  • 我的图书馆
  • 登录
  • 详细信息显示
  • 放入我的书架
  • 预约/预借图书
  • 作者相关作品
  • 分类相关作品
  • 丛书相关作品
  • 出版社相关作品

书目信息

  • 表格格式
  • 工作单格式
  • 卡片格式
题名:
高等师范院校历史专业教学大纲
    
 
作者: ;教育部高教一司 编写
分册:  
出版信息: 北京   北京师范大学出版社  1984
页数: 305页
开本: 19cm
丛书名:
单 册:
中图分类: G652.3
科图分类:
主题词: 师范教育--教学理论--课程 , 师范教育--教学法--课程
电子资源:
ISBN:
000 00781nam0 2200253 45
001 0184012586
005 20050606163742.9
010    @dCNY1.25
091    @a11243.12
100    @a19950128d1984 em y0chiy0121 ea
101 0  @achi
102    @aCN@b110000
105    @ay z 000yy
200 10 @a高等师范院校历史专业教学大纲@Agao deng shi fan yuan xiao li shi zhuan ye jiao xue da gang@f教育部高教一司编写@FJiao Yu Bu Gao Jiao Yi Si Bian Xie
210    @a北京@c北京师范大学出版社@d1984
215    @a305页@d19cm
300    @a供历史专业试用
606    @a师范教育@x教学理论@x课程
606    @a师范教育@x教学法@x课程
690    @aG652.3@v3
711 02 @a教育部高教一司@4编写
801  0 @aCN@b上海图书馆@c20040430
801  2 @aCN@bNLC@c20040430
905    @dG652.3@e15@f1@b200742
    
    高等师范院校历史专业教学大纲/教育部高教一司编写.-北京:北京师范大学出版社,1984
    305页;19cm
    供历史专业试用
    
    ISBN :CNY1.25
    
●
相关链接 在E读中查询图书 在五车中查询图书 在当当中查询图书 在豆瓣中查询图书


正题名:高等师范院校历史专业教学大纲     索取号:G652.3/15         预约/预借

序号 登录号 条形码 馆藏地/架位号 状态 备注
1 0200742   002039662   密集书库/ [索取号:G652.3/15] 在馆    
2 0200743   001002220   密集书库/ [索取号:G652.3/15] 在馆    
3 0200744   001002239   密集书库/ [索取号:G652.3/15] 在馆    
唐山师范学院图书馆 欢迎您!
大连网信软件有限公司© 版权所有